000 01534nam a2200373 a 4500
001 ebr10642705
003 CaPaEBR
006 m u
007 cr cn|||||||||
008 110608s2012 paubd sb 001 0 eng d
010 _z 2011023321
020 _z9780812243864 (hardcover : alk. paper)
020 _z9780812205206 (e-book)
040 _aCaPaEBR
_cCaPaEBR
035 _a(OCoLC)824522205
043 _an-us---
050 1 4 _aHT123
_b.K38 2012eb
082 0 4 _a307.760973/0904
_223
100 1 _aKatz, Michael B.,
_d1939-
245 1 0 _aWhy don't American cities burn?
_h[electronic resource] /
_cMichael B. Katz.
260 _aPhiladelphia :
_bUniversity of Pennsylvania Press,
_cc2012.
300 _a210 p. :
_bill., maps.
490 1 _aThe city in the twenty-first century
504 _aIncludes bibliographical references and index.
533 _aElectronic reproduction.
_bPalo Alto, Calif. :
_cebrary,
_d2013.
_nAvailable via World Wide Web.
_nAccess may be limited to ebrary affiliated libraries.
650 0 _aSociology, Urban
_zUnited States
_y20th century.
650 0 _aUrban policy
_zUnited States
_y20th century.
650 0 _aInner cities
_zUnited States
_y20th century.
650 0 _aCity and town life
_zUnited States
_y20th century.
655 7 _aElectronic books.
_2local
710 2 _aebrary, Inc.
830 0 _aCity in the twenty-first century book series.
856 4 0 _uhttp://site.ebrary.com/lib/rucke/Doc?id=10642705
_zAn electronic book accessible through the World Wide Web; click to view
999 _c32976
_d32976